|
|
|
|
| LEADER |
02582nam a2200481 i 4500 |
| 001 |
nkc20213307211 |
| 003 |
CZ PrNK |
| 005 |
20210927102825.0 |
| 007 |
ta |
| 008 |
210722s2021 xr g 000 f cze |
| 015 |
|
|
|a cnb003307211
|
| 020 |
|
|
|a 978-80-242-7324-2
|q (vázáno)
|
| 035 |
|
|
|a (OCoLC)1267680229
|
| 040 |
|
|
|a ABG001
|b cze
|d ABA001
|e rda
|
| 041 |
1 |
|
|a cze
|h ger
|
| 072 |
|
7 |
|a 821.112.2-3
|x Německá próza, německy psaná
|2 Konspekt
|9 25
|
| 080 |
|
|
|a 821.112.2-31
|2 MRF
|
| 080 |
|
|
|a (0:82-312.4)
|2 MRF
|
| 100 |
1 |
|
|a Bannalec, Jean-Luc,
|d 1966-
|7 xx0190059
|4 aut
|
| 240 |
1 |
0 |
|a Bretonische Verhältnisse.
|l Česky
|
| 245 |
1 |
0 |
|a Bretaňské poměry :
|b případ pro komisaře Dupina /
|c Jean-Luc Bannalec ; z německého originálu Bretonische Verhältnisse ... přeložil Jiří Vodvárko
|
| 250 |
|
|
|a Vydání druhé
|
| 264 |
|
1 |
|a Praha :
|b Euromedia Group,
|c 2021
|
| 300 |
|
|
|a 285 stran ;
|c 21 cm
|
| 336 |
|
|
|a text
|b txt
|2 rdacontent
|
| 337 |
|
|
|a bez média
|b n
|2 rdamedia
|
| 338 |
|
|
|a svazek
|b nc
|2 rdacarrier
|
| 500 |
|
|
|a Vydala Euromedia Group, a.s. - Kalibr
|
| 520 |
2 |
|
|a První případ komisaře Dupina, rodilého Pařížana, přeloženého za trest do Bretaně.
|b Jednoho horkého červencového rána dojde v pitoreskní rybářské vesnici Pont Aven k záhadné vraždě. Pierre-Louis Pennec, stařičký majitel legendárního hotelu Central, v němž bydlela řada slavných umělců včetně Gauguina, byl zavražděn několika bodnými ranami. Kdo měl spadeno na 91letého starce a proč? Jaké události bezprostředně předcházely tomuto zdánlivě absurdnímu zločinu? Když je brzy nato objevena na mořském břehu další mrtvola, Georges Dupin začíná tušit, že tu bude mít co do činění s případem větších rozměrů. Zatímco tlak veřejnosti vzrůstá a umínění vesničané zarytě mlčí, komisař Dupin si razí cestu houštinou bretaňských poměrů a dostává se na stopu podivuhodného tajemství... Nakladatelská anotace.
|
| 655 |
|
7 |
|a německé romány
|7 fd132945
|2 czenas
|
| 655 |
|
7 |
|a detektivní romány
|7 fd132010
|2 czenas
|
| 655 |
|
9 |
|a German fiction
|2 eczenas
|
| 655 |
|
9 |
|a detective novels
|2 eczenas
|
| 700 |
1 |
|
|a Vodvárko, Jiří
|7 ola2003191646
|4 trl
|
| 787 |
0 |
8 |
|i Z cyklu:
|t Případy komisaře Dupina
|g 1
|
| 910 |
2 |
|
|a BOA001
|b 2-1471.309
|
| 920 |
|
|
|a 4605177
|z ABG001
|
| 928 |
9 |
|
|a Euromedia Group - Kalibr
|
| 928 |
9 |
|
|a Kalibr
|
| 990 |
|
|
|a BK
|
| 995 |
|
|
|a 01
|
| 991 |
|
|
|b 202108
|c NOV
|
| 996 |
6 |
|
|b 2610874636
|c 2-1471.309
|l MZK
|r Sklad / do 1 hodiny
|n 1
|p p.v.
|w 001859857
|u 000010
|a 1
|e BOA001
|j MZK50
|s P
|